Estadísticas para Geografía de las Américas por Letra - A

Haz click aquí para intentar la prueba.

Estadísticas generales

  • Esta prueba ha sido intentada 1.873 veces
  • La puntuación promedio es 12 de 20

Estadísticas de respuestas

PistaRespuesta% Correcto
País en SudaméricaArgentina
98%
El río más grande del mundo por volumenAmazonas
97%
La cordillera más alta en las AméricasAndes
96%
Capital de ParaguayAsunción
86%
El estado más grande de EE.UU. por áreaAlaska
84%
La isla está políticamente unida a BarbudaAntigua
84%
El estado de EE.UU. donde se encuentra el Gran CañónArizona
82%
La cascada más alta del mundoSalto {Ángel}
78%
Una isla en la bahía de San Francisco con una antigua prisiónAlcatraz
65%
Capital de TexasAustin
61%
La montaña más alta en la respuesta anteriorAconcagua
59%
El desierto no polar más seco del mundoAtacama
56%
Isla neerlandesa en el CaribeAruba
52%
Provincia de CanadáAlberta
51%
La ciudad con el aeropuerto más concurrido del mundoAtlanta
40%
Capital de Nueva YorkAlbany
39%
La ciudad más poblada en la respuesta anteriorAnchorage
36%
La misión de San Antonio donde México derrotó a TexasÁlamo
27%
La cordillera que se extiende de Alabama a TerranovaApalaches
27%
El cementerio militar más conocido de los Estados UnidosArlington
27%

Distribución de puntuación

Porcentaje por número respondido

Porcentaje de gente con cada puntuación

Historial de tus puntuaciones

No has intentado esta prueba.